[Event "DEM U12w 2022"]
[Site "Willingen GER"]
[Date "2022.06.06"]
[Round "3"]
[White "Sickmann, Lisa"]
[Black "Schwarzfischer, Julia"]
[Result "1-0"]
[Termination "normal"]
[Board "1"]
[WhiteElo "1660"]
[BlackElo "1368"]
[WhiteClock "00:32:45"]
[BlackClock "00:06:22"]
[PlyCount "131"]
[WhiteFideId "16267818"]
[BlackFideId "16268105"]
[EventCountry "GER"]
[EventRounds "9"]
[EventType "swiss"]
[EventDate "2022.06.04"]

1. e4 {[%clk 01:30:57]} {[%emt 00:00:02]} e5 {[%clk 01:30:55]} {[%emt
00:00:06]} 2. Nf3 {[%clk 01:31:19]} {[%emt 00:00:07]} Nc6 {[%emt 00:00:05]} 3.
Bb5 {[%clk 01:31:41]} {[%emt 00:00:08]} a6 {[%clk 01:31:44]} {[%emt 00:00:06]}
4. Ba4 {[%clk 01:32:08]} {[%emt 00:00:04]} b5 {[%clk 01:32:09]} {[%emt
00:00:05]} 5. Bb3 {[%clk 01:32:34]} {[%emt 00:00:03]} Na5 {[%clk 01:32:32]}
{[%emt 00:00:07]} 6. O-O {[%clk 01:29:30]} {[%emt 00:03:34]} d6 {[%clk
01:32:57]} {[%emt 00:00:07]} 7. Re1 {[%clk 01:28:51]} {[%emt 00:01:08]} Nxb3
{[%emt 00:05:29]} 8. axb3 {[%clk 01:29:10]} {[%emt 00:00:08]} Bb7 {[%clk
01:24:59]} {[%emt 00:03:32]} 9. d3 {[%clk 01:29:20]} {[%emt 00:00:20]} h6
{[%clk 01:25:06]} {[%emt 00:00:23]} 10. Nbd2 {[%clk 01:29:40]} {[%emt
00:00:10]} Nf6 {[%clk 01:25:07]} {[%emt 00:00:29]} 11. Nf1 {[%clk 01:29:52]}
{[%emt 00:00:17]} Be7 {[%clk 01:24:30]} {[%emt 00:01:08]} 12. c3 {[%clk
01:29:58]} {[%emt 00:00:24]} O-O {[%clk 01:21:28]} {[%emt 00:03:32]} 13. Ng3
{[%clk 01:30:08]} {[%emt 00:00:19]} Re8 {[%clk 01:12:15]} {[%emt 00:09:43]} 14.
b4 {[%clk 01:27:08]} {[%emt 00:03:31]} Bf8 {[%clk 01:06:51]} {[%emt 00:05:53]}
15. b3 {[%clk 01:18:08]} {[%emt 00:09:31]} d5 {[%clk 00:59:14]} {[%emt
00:08:07]} 16. Bb2 {[%clk 01:16:24]} {[%emt 00:02:12]} c5 {[%clk 00:49:27]}
{[%emt 00:10:18]} 17. exd5 {[%clk 01:04:09]} {[%emt 00:12:45]} Qxd5 {[%clk
00:48:54]} {[%emt 00:01:03]} 18. c4 {[%clk 01:02:12]} {[%emt 00:02:28]} Qc6
{[%clk 00:45:09]} {[%emt 00:04:15]} 19. Bxe5 {[%clk 00:56:21]} {[%emt
00:06:20]} Ng4 {[%clk 00:43:23]} {[%emt 00:02:15]} 20. Bb2 {[%clk 00:48:59]}
{[%emt 00:07:53]} cxb4 {[%clk 00:35:29]} {[%emt 00:08:25]} 21. Ne4 {[%clk
00:45:52]} {[%emt 00:03:36]} Rad8 {[%clk 00:23:53]} {[%emt 00:12:06]} 22. h3
{[%clk 00:41:26]} {[%emt 00:04:55]} f5 {[%clk 00:20:40]} {[%emt 00:03:45]} 23.
Ng3 {[%clk 00:40:07]} {[%emt 00:01:48]} bxc4 {[%clk 00:12:22]} {[%emt
00:06:44]} 24. Rxe8 {[%clk 00:39:02]} {[%emt 00:03:38]} Rxe8 {[%clk 00:11:34]}
{[%emt 00:01:19]} 25. bxc4 {[%clk 00:30:37]} {[%emt 00:08:55]} Bd6 {[%clk
00:10:02]} {[%emt 00:02:03]} 26. hxg4 {[%clk 00:30:01]} {[%emt 00:01:05]} fxg4
{[%clk 00:09:16]} {[%emt 00:01:16]} 27. Nh4 {[%clk 00:30:12]} {[%emt 00:00:19]}
Bxg3 {[%clk 00:07:18]} {[%emt 00:02:29]} 28. fxg3 {[%clk 00:30:20]} {[%emt
00:00:21]} h5 {[%clk 00:07:35]} {[%emt 00:00:13]} 29. Qd2 {[%clk 00:30:21]}
{[%emt 00:00:29]} Rf8 {[%clk 00:06:18]} {[%emt 00:01:48]} 30. Qg5 {[%clk
00:30:09]} {[%emt 00:00:41]} Rf7 {[%clk 00:05:17]} {[%emt 00:01:31]} 31. Rf1
{[%clk 00:30:26]} {[%emt 00:00:12]} Qb6+ {[%clk 00:04:35]} {[%emt 00:01:13]}
32. c5 {[%clk 00:30:38]} {[%emt 00:00:18]} Qc7 {[%clk 00:04:32]} {[%emt
00:00:34]} 33. Rxf7 {[%clk 00:30:19]} {[%emt 00:00:48]} Qxf7 {[%clk 00:04:54]}
{[%emt 00:00:08]} 34. Nf5 {[%clk 00:30:19]} {[%emt 00:00:30]} Qc7 {[%clk
00:03:35]} {[%emt 00:01:50]} 35. Ne7+ {[%clk 00:30:04]} {[%emt 00:00:45]} Kf8
{[%clk 00:03:53]} {[%emt 00:00:12]} 36. Qf4+ {[%clk 00:26:28]} {[%emt
00:04:06]} Qxf4 {[%clk 00:04:08]} {[%emt 00:00:15]} 37. Ng6+ {[%clk 00:26:54]}
{[%emt 00:00:04]} Kf7 {[%clk 00:04:10]} {[%emt 00:00:27]} 38. Nxf4 {[%clk
00:27:10]} {[%emt 00:00:14]} g6 {[%clk 00:04:34]} {[%emt 00:00:07]} 39. d4
{[%clk 00:27:17]} {[%emt 00:00:22]} a5 {[%clk 00:04:52]} {[%emt 00:00:13]} 40.
Nd3 {[%clk 00:26:41]} {[%emt 00:01:05]} Ke6 {[%clk 00:05:02]} {[%emt 00:00:20]}
41. Nc1 {[%clk 00:26:03]} {[%emt 00:01:06]} a4 {[%clk 00:05:18]} {[%emt
00:00:17]} 42. Kf2 {[%clk 00:25:32]} {[%emt 00:01:00]} a3 {[%clk 00:05:15]}
{[%emt 00:00:33]} 43. Ba1 {[%clk 00:25:32]} {[%emt 00:00:30]} Bd5 {[%clk
00:05:31]} {[%emt 00:00:14]} 44. Nd3 {[%clk 00:24:54]} {[%emt 00:01:07]} b3
{[%clk 00:00:37]} {[%emt 00:05:26]} 45. Nf4+ {[%clk 00:25:14]} {[%emt
00:00:08]} Kd7 {[%clk 00:00:48]} {[%emt 00:00:20]} 46. Nxd5 {[%clk 00:25:34]}
{[%emt 00:00:10]} b2 {[%clk 00:01:15]} {[%emt 00:00:04]} 47. Bxb2 {[%clk
00:25:55]} {[%emt 00:00:08]} axb2 {[%clk 00:01:42]} {[%emt 00:00:04]} 48. Nc3
{[%clk 00:26:19]} {[%emt 00:00:05]} g5 {[%clk 00:01:45]} {[%emt 00:00:26]} 49.
Ke3 {[%clk 00:26:39]} {[%emt 00:00:11]} h4 {[%clk 00:02:05]} {[%emt 00:00:10]}
50. gxh4 {[%clk 00:27:03]} {[%emt 00:00:05]} gxh4 {[%clk 00:02:30]} {[%emt
00:00:06]} 51. Kf4 {[%clk 00:27:22]} {[%emt 00:00:10]} h3 {[%clk 00:02:46]}
{[%emt 00:00:15]} 52. gxh3 {[%clk 00:27:32]} {[%emt 00:00:20]} gxh3 {[%clk
00:02:38]} {[%emt 00:00:38]} 53. Kg3 {[%clk 00:27:59]} {[%emt 00:00:03]} h2
{[%clk 00:02:52]} {[%emt 00:00:16]} 54. Kxh2 {[%clk 00:28:23]} {[%emt
00:00:06]} Kc6 {[%clk 00:03:13]} {[%emt 00:00:09]} 55. Kg3 {[%clk 00:28:49]}
{[%emt 00:00:04]} Kd7 {[%clk 00:03:36]} {[%emt 00:00:09]} 56. d5 {[%clk
00:29:11]} {[%emt 00:00:06]} Kc7 {[%clk 00:04:02]} {[%emt 00:00:04]} 57. Kf4
{[%clk 00:29:31]} {[%emt 00:00:10]} Kd8 {[%clk 00:04:24]} {[%emt 00:00:09]} 58.
Ke5 {[%clk 00:29:50]} {[%emt 00:00:11]} Kd7 {[%clk 00:04:51]} {[%emt 00:00:03]}
59. c6+ {[%clk 00:30:08]} {[%emt 00:00:11]} Ke7 {[%clk 00:04:47]} {[%emt
00:00:34]} 60. d6+ {[%clk 00:30:31]} {[%emt 00:00:07]} Ke8 {[%clk 00:05:06]}
{[%emt 00:00:11]} 61. Ke6 {[%clk 00:30:54]} {[%emt 00:00:08]} Kd8 {[%clk
00:05:00]} {[%emt 00:00:51]} 62. d7 {[%clk 00:31:13]} {[%emt 00:00:11]} Kc7
{[%clk 00:05:13]} {[%emt 00:00:17]} 63. Ke7 {[%clk 00:31:36]} {[%emt 00:00:06]}
Kxc6 {[%clk 00:05:38]} {[%emt 00:00:05]} 64. d8=Q {[%emt 00:00:07]} Kc5 {[%clk
00:06:01]} {[%emt 00:00:06]} 65. Qd2 {[%clk 00:32:19]} {[%emt 00:00:11]} Kc4
{[%clk 00:06:22]} {[%emt 00:00:09]} 66. Qxb2 {[%clk 00:32:45]} {[%emt
00:00:04]} 1-0

[Event "DEM U12w 2022"]
[Site "Willingen GER"]
[Date "2022.06.06"]
[Round "3"]
[White "Yamshchikova, Alisa"]
[Black "Trunz, Tamila"]
[Result "0-1"]
[Termination "normal"]
[Board "2"]
[WhiteElo "1216"]
[BlackElo "1474"]
[WhiteClock "00:31:52"]
[BlackClock "00:15:18"]
[PlyCount "106"]
[WhiteFideId "34135790"]
[BlackFideId "16267885"]
[EventCountry "GER"]
[EventRounds "9"]
[EventType "swiss"]
[EventDate "2022.06.04"]

1. e4 {[%clk 01:30:59]} {[%emt 06:20:39]} c5 {[%clk 01:30:54]} {[%emt
00:00:06]} 2. Nf3 {[%clk 01:31:24]} {[%emt 00:00:05]} e6 {[%clk 01:31:16]}
{[%emt 00:00:08]} 3. c4 {[%clk 01:31:47]} {[%emt 00:00:07]} Nc6 {[%clk
01:31:12]} {[%emt 00:00:34]} 4. Nc3 {[%clk 01:32:09]} {[%emt 00:00:08]} d6
{[%clk 01:24:05]} {[%emt 00:07:38]} 5. Be2 {[%clk 01:32:28]} {[%emt 00:00:10]}
g6 {[%clk 01:20:33]} {[%emt 00:04:02]} 6. O-O {[%clk 01:32:44]} {[%emt
00:00:14]} Bg7 {[%clk 01:20:34]} {[%emt 00:00:29]} 7. h3 {[%clk 01:28:55]}
{[%emt 00:04:20]} Nge7 {[%clk 01:19:49]} {[%emt 00:01:14]} 8. d3 {[%clk
01:28:15]} {[%emt 00:01:10]} O-O {[%clk 01:17:36]} {[%emt 00:02:44]} 9. Be3
{[%clk 01:28:28]} {[%emt 00:00:17]} f5 {[%clk 01:14:43]} {[%emt 00:03:22]} 10.
Qd2 {[%clk 01:23:13]} {[%emt 00:05:44]} Nd4 {[%clk 01:08:32]} {[%emt 00:06:42]}
11. Bh6 {[%clk 01:19:30]} {[%emt 00:04:12]} Nec6 {[%clk 01:03:26]} {[%emt
00:05:36]} 12. Bxg7 {[%clk 01:19:25]} {[%emt 00:00:35]} Kxg7 {[%clk 01:03:48]}
{[%emt 00:00:09]} 13. exf5 {[%clk 01:16:17]} {[%emt 00:03:38]} Rxf5 {[%clk
00:58:35]} {[%emt 00:05:43]} 14. Nxd4 {[%clk 01:16:01]} {[%emt 00:00:45]} Nxd4
{[%clk 00:58:15]} {[%emt 00:00:51]} 15. Bg4 {[%clk 01:16:05]} {[%emt 00:00:26]}
Rf7 {[%clk 00:54:48]} {[%emt 00:03:56]} 16. f4 {[%clk 01:13:04]} {[%emt
00:03:31]} d5 {[%clk 00:49:08]} {[%emt 00:06:11]} 17. Qe1 {[%clk 01:07:39]}
{[%emt 00:05:51]} h5 {[%clk 00:40:53]} {[%emt 00:08:49]} 18. Bf3 {[%clk
00:47:12]} {[%emt 00:20:56]} Kh7 {[%clk 00:28:07]} {[%emt 00:13:17]} 19. Qg3
{[%clk 00:38:13]} {[%emt 00:09:27]} Nf5 {[%clk 00:23:03]} {[%emt 00:05:35]} 20.
Qf2 {[%clk 00:33:20]} {[%emt 00:05:19]} dxc4 {[%clk 00:16:32]} {[%emt
00:07:06]} 21. dxc4 {[%clk 00:33:04]} {[%emt 00:00:46]} Nd4 {[%clk 00:14:29]}
{[%emt 00:02:32]} 22. Be4 {[%clk 00:31:17]} {[%emt 00:02:14]} Qf6 {[%clk
00:08:20]} {[%emt 00:06:42]} 23. Nb5 {[%clk 00:27:16]} {[%emt 00:04:32]} Nxb5
{[%clk 00:04:35]} {[%emt 00:04:15]} 24. cxb5 {[%clk 00:27:38]} {[%emt
00:00:08]} c4 {[%clk 00:03:52]} {[%emt 00:01:12]} 25. Qc5 {[%clk 00:26:39]}
{[%emt 00:01:30]} Bd7 {[%clk 00:01:52]} {[%emt 00:02:29]} 26. Qxh5+ {[%clk
00:26:46]} {[%emt 00:00:23]} Kg7 {[%clk 00:02:09]} {[%emt 00:00:14]} 27. Qe5
{[%clk 00:26:27]} {[%emt 00:00:47]} Bxb5 {[%clk 00:01:33]} {[%emt 00:01:07]}
28. Qxf6+ {[%clk 00:20:11]} {[%emt 00:06:46]} Kxf6 {[%clk 00:01:20]} {[%emt
00:00:44]} 29. Rf3 {[%clk 00:20:02]} {[%emt 00:00:38]} Rd8 {[%clk 00:01:14]}
{[%emt 00:00:36]} 30. Rc1 {[%clk 00:18:24]} {[%emt 00:02:06]} Rd2 {[%clk
00:01:00]} {[%emt 00:00:47]} 31. Rg3 {[%clk 00:13:32]} {[%emt 00:05:22]} Rg7
{[%clk 00:01:01]} {[%emt 00:00:29]} 32. Rc2 {[%clk 00:12:28]} {[%emt 00:01:34]}
Rd4 {[%clk 00:01:08]} {[%emt 00:00:21]} 33. Re3 {[%clk 00:12:13]} {[%emt
00:00:46]} Rgd7 {[%clk 00:01:02]} {[%emt 00:00:36]} 34. Kf2 {[%clk 00:10:49]}
{[%emt 00:01:54]} Rd2+ {[%clk 00:00:54]} {[%emt 00:00:39]} 35. Rxd2 {[%clk
00:10:35]} {[%emt 00:00:45]} Rxd2+ {[%clk 00:01:09]} {[%emt 00:00:14]} 36. Re2
{[%clk 00:11:01]} {[%emt 00:00:04]} Rxe2+ {[%clk 00:00:57]} {[%emt 00:00:42]}
37. Kxe2 {[%clk 00:11:30]} c3+ {[%clk 00:00:52]} {[%emt 00:00:35]} 38. Kd1
{[%clk 00:11:36]} {[%emt 00:00:22]} cxb2 {[%clk 00:01:01]} {[%emt 00:00:22]}
39. Kc2 {[%clk 00:12:00]} {[%emt 00:00:06]} Bc6 {[%clk 00:01:06]} {[%emt
00:00:25]} 40. Bxc6 {[%clk 00:10:36]} {[%emt 00:01:55]} bxc6 {[%clk 00:01:31]}
{[%emt 00:00:06]} 41. g4 {[%clk 00:10:20]} {[%emt 00:00:46]} g5 {[%clk
00:15:52]} {[%emt 00:16:08]} 42. fxg5+ {[%clk 00:40:22]} {[%emt 00:00:28]} Kxg5
{[%clk 00:16:08]} {[%emt 00:00:13]} 43. Kxb2 {[%clk 00:40:45]} {[%emt
00:00:07]} e5 {[%clk 00:15:45]} {[%emt 00:00:54]} 44. Kc3 {[%clk 00:40:42]}
{[%emt 00:00:33]} c5 {[%clk 00:15:16]} {[%emt 00:00:59]} 45. Kd3 {[%clk
00:40:52]} {[%emt 00:00:20]} Kf4 {[%clk 00:14:17]} {[%emt 00:01:28]} 46. a3
{[%clk 00:30:28]} {[%emt 00:10:55]} e4+ {[%clk 00:14:19]} {[%emt 00:00:28]} 47.
Ke2 {[%clk 00:30:52]} {[%emt 00:00:06]} c4 {[%clk 00:14:02]} {[%emt 00:00:47]}
48. h4 {[%clk 00:30:15]} {[%emt 00:01:07]} Kxg4 {[%clk 00:13:46]} {[%emt
00:00:45]} 49. Ke3 {[%clk 00:30:38]} {[%emt 00:00:07]} c3 {[%clk 00:13:56]}
{[%emt 00:00:20]} 50. h5 {[%clk 00:30:35]} {[%emt 00:00:33]} Kxh5 {[%clk
00:14:20]} {[%emt 00:00:06]} 51. Ke2 {[%clk 00:30:57]} {[%emt 00:00:09]} Kg4
{[%clk 00:14:42]} {[%emt 00:00:07]} 52. Kd1 {[%clk 00:31:25]} {[%emt 00:00:03]}
e3 {[%clk 00:15:00]} {[%emt 00:00:12]} 53. Kc2 {[%clk 00:31:52]} {[%emt
00:00:03]} e2 {[%clk 00:15:18]} {[%emt 00:00:11]} 0-1

[Event "DEM U12w 2022"]
[Site "Willingen GER"]
[Date "2022.06.06"]
[Round "3"]
[White "Kutz, Ida Klara"]
[Black "Dodul, Alice"]
[Result "0-1"]
[Termination "normal"]
[Board "3"]
[WhiteElo "1327"]
[BlackElo "1329"]
[WhiteClock "00:50:23"]
[BlackClock "01:20:54"]
[PlyCount "42"]
[WhiteFideId "16296257"]
[BlackFideId "34623817"]
[EventCountry "GER"]
[EventRounds "9"]
[EventType "swiss"]
[EventDate "2022.06.04"]

1. c4 {[%clk 01:30:56]} {[%emt 00:00:03]} e5 {[%clk 01:30:51]} {[%emt
00:00:10]} 2. Nc3 {[%clk 01:31:06]} {[%emt 00:00:19]} Nf6 {[%clk 01:31:07]}
{[%emt 00:00:15]} 3. Nf3 {[%clk 01:31:09]} {[%emt 00:00:26]} Nc6 {[%clk
01:31:19]} {[%emt 00:00:18]} 4. g3 {[%clk 01:30:36]} {[%emt 00:01:04]} Bc5
{[%clk 01:31:12]} {[%emt 00:00:37]} 5. Bg2 {[%clk 01:30:16]} {[%emt 00:00:49]}
d6 {[%clk 01:31:23]} {[%emt 00:00:24]} 6. O-O {[%clk 01:29:42]} {[%emt
00:00:58]} Be6 {[%clk 01:31:30]} {[%emt 00:00:24]} 7. d3 {[%clk 01:28:04]}
{[%emt 00:02:09]} h6 {[%clk 01:31:31]} {[%emt 00:00:28]} 8. a3 {[%clk
01:25:30]} {[%emt 00:03:04]} a5 {[%clk 01:31:29]} {[%emt 00:00:33]} 9. b3
{[%clk 01:21:34]} {[%emt 00:04:27]} O-O {[%clk 01:30:47]} {[%emt 00:01:11]} 10.
Bb2 {[%clk 01:20:30]} {[%emt 00:01:33]} Qc8 {[%clk 01:29:54]} {[%emt 00:01:23]}
11. Re1 {[%clk 01:19:56]} {[%emt 00:01:03]} Bh3 {[%clk 01:28:43]} {[%emt
00:01:42]} 12. Bh1 {[%clk 01:18:15]} {[%emt 00:02:09]} Ng4 {[%clk 01:26:40]}
{[%emt 00:02:36]} 13. Ne4 {[%clk 01:11:11]} {[%emt 00:07:34]} Ba7 {[%clk
01:26:15]} {[%emt 00:00:55]} 14. e3 {[%clk 01:07:51]} {[%emt 00:03:50]} f5
{[%clk 01:24:24]} {[%emt 00:02:20]} 15. Nc3 {[%clk 01:06:50]} {[%emt 00:01:32]}
f4 {[%clk 01:24:11]} {[%emt 00:00:42]} 16. Nh4 {[%clk 01:03:31]} {[%emt
00:03:50]} fxe3 {[%clk 01:23:23]} {[%emt 00:01:18]} 17. Bd5+ {[%clk 01:01:43]}
{[%emt 00:02:18]} Kh8 {[%clk 01:21:49]} {[%emt 00:02:03]} 18. Ng6+ {[%clk
00:58:22]} {[%emt 00:03:52]} Kh7 {[%clk 01:21:39]} {[%emt 00:00:40]} 19. Nxf8+
{[%clk 00:57:28]} {[%emt 00:01:23]} Qxf8 {[%clk 01:21:32]} {[%emt 00:00:38]}
20. Ne4 {[%clk 00:53:59]} {[%emt 00:03:59]} exf2+ {[%clk 01:20:57]} {[%emt
00:01:05]} 21. Kh1 {[%clk 00:50:23]} {[%emt 00:04:06]} fxe1=Q+ {[%clk
01:20:54]} {[%emt 00:00:33]} 0-1

[Event "DEM U12w 2022"]
[Site "Willingen GER"]
[Date "2022.06.06"]
[Round "3"]
[White "Huber, Laura"]
[Black "Hoffmann, Svenja"]
[Result "1-0"]
[Termination "normal"]
[Board "4"]
[WhiteElo "1340"]
[BlackElo "1284"]
[WhiteClock "00:08:21"]
[BlackClock "00:57:05"]
[PlyCount "149"]
[WhiteFideId "16270940"]
[BlackFideId "16287312"]
[EventCountry "GER"]
[EventRounds "9"]
[EventType "swiss"]
[EventDate "2022.06.04"]

1. e4 {[%clk 01:30:59]} e5 {[%clk 01:30:46]} {[%emt 00:00:13]} 2. Bc4 {[%clk
01:31:25]} {[%emt 00:00:04]} Nf6 {[%clk 01:30:12]} {[%emt 00:01:05]} 3. d3
{[%clk 01:31:48]} {[%emt 00:00:08]} h6 {[%clk 01:26:58]} {[%emt 00:03:43]} 4.
Nc3 {[%clk 01:30:20]} {[%emt 00:01:58]} Bc5 {[%clk 01:25:34]} {[%emt 00:01:53]}
5. f4 {[%clk 01:25:28]} {[%emt 00:05:23]} d6 {[%clk 01:21:04]} {[%emt
00:04:59]} 6. Nf3 {[%clk 01:09:31]} {[%emt 00:16:28]} c6 {[%clk 01:11:22]}
{[%emt 00:10:11]} 7. fxe5 {[%clk 00:57:37]} {[%emt 00:12:25]} dxe5 {[%clk
01:10:03]} {[%emt 00:01:49]} 8. Na4 {[%clk 00:49:13]} {[%emt 00:08:54]} Bd6
{[%clk 01:05:45]} {[%emt 00:04:47]} 9. Nc3 {[%clk 00:46:59]} {[%emt 00:02:45]}
b5 {[%clk 00:58:52]} {[%emt 00:07:23]} 10. Bb3 {[%clk 00:44:35]} {[%emt
00:02:54]} Bc5 {[%clk 00:58:13]} {[%emt 00:01:08]} 11. Qe2 {[%clk 00:43:18]}
{[%emt 00:01:48]} Bg4 {[%clk 00:51:40]} {[%emt 00:07:02]} 12. Be3 {[%clk
00:39:14]} {[%emt 00:04:35]} Bd4 {[%clk 00:48:25]} {[%emt 00:03:44]} 13. Qf2
{[%clk 00:30:49]} {[%emt 00:08:55]} Bxf3 {[%clk 00:46:19]} {[%emt 00:02:36]}
14. Qxf3 {[%clk 00:27:58]} {[%emt 00:03:22]} Qb6 {[%clk 00:45:31]} {[%emt
00:01:17]} 15. Bxd4 {[%clk 00:20:15]} {[%emt 00:08:14]} Qxd4 {[%clk 00:45:39]}
{[%emt 00:00:21]} 16. Qf2 {[%clk 00:18:17]} {[%emt 00:02:28]} a5 {[%clk
00:44:04]} {[%emt 00:02:05]} 17. a3 {[%clk 00:17:43]} {[%emt 00:01:05]} O-O
{[%clk 00:43:08]} {[%emt 00:01:26]} 18. Qxd4 {[%clk 00:16:37]} {[%emt
00:01:35]} exd4 {[%clk 00:43:26]} {[%emt 00:00:12]} 19. Ne2 {[%clk 00:16:41]}
{[%emt 00:00:27]} c5 {[%clk 00:42:46]} {[%emt 00:01:10]} 20. h3 {[%clk
00:16:45]} {[%emt 00:00:26]} Nc6 {[%clk 00:42:05]} {[%emt 00:01:11]} 21. Nf4
{[%clk 00:16:32]} {[%emt 00:00:44]} Ne5 {[%clk 00:39:49]} {[%emt 00:02:45]} 22.
Nd5 {[%clk 00:13:15]} {[%emt 00:03:47]} Nfd7 {[%clk 00:33:54]} {[%emt
00:06:25]} 23. Ba2 {[%clk 00:10:47]} {[%emt 00:02:58]} Kh8 {[%clk 00:32:52]}
{[%emt 00:01:32]} 24. O-O {[%clk 00:10:56]} {[%emt 00:00:21]} g6 {[%clk
00:32:17]} {[%emt 00:01:04]} 25. Rf2 {[%clk 00:10:23]} {[%emt 00:01:04]} c4
{[%clk 00:31:03]} {[%emt 00:01:44]} 26. Rd1 {[%clk 00:09:38]} {[%emt 00:01:15]}
Rac8 {[%clk 00:30:11]} {[%emt 00:01:22]} 27. dxc4 {[%clk 00:07:45]} {[%emt
00:02:23]} Nxc4 {[%clk 00:30:26]} {[%emt 00:00:14]} 28. Rxd4 {[%clk 00:07:28]}
{[%emt 00:00:47]} Nde5 {[%clk 00:28:27]} {[%emt 00:02:29]} 29. Bxc4 {[%clk
00:07:25]} {[%emt 00:00:34]} Nxc4 {[%clk 00:28:01]} {[%emt 00:00:55]} 30. c3
{[%clk 00:06:48]} {[%emt 00:01:07]} Rcd8 {[%clk 00:28:01]} {[%emt 00:00:30]}
31. Nc7 {[%clk 00:04:27]} {[%emt 00:02:53]} Rxd4 {[%clk 00:25:52]} {[%emt
00:02:39]} 32. cxd4 {[%clk 00:04:56]} b4 {[%clk 00:26:03]} {[%emt 00:00:18]}
33. axb4 {[%clk 00:04:52]} {[%emt 00:00:34]} axb4 {[%clk 00:26:26]} {[%emt
00:00:07]} 34. Ne6 {[%clk 00:04:15]} {[%emt 00:01:07]} Re8 {[%clk 00:26:49]}
{[%emt 00:00:07]} 35. Nc5 {[%clk 00:04:29]} {[%emt 00:00:16]} Kg7 {[%clk
00:26:43]} {[%emt 00:00:36]} 36. g4 {[%clk 00:03:48]} {[%emt 00:01:11]} f6
{[%clk 00:25:45]} {[%emt 00:01:27]} 37. Rc2 {[%clk 00:03:49]} {[%emt 00:00:29]}
Ne3 {[%clk 00:26:00]} {[%emt 00:00:16]} 38. Re2 {[%clk 00:03:37]} {[%emt
00:00:43]} Nc4 {[%clk 00:26:10]} {[%emt 00:00:20]} 39. Kf2 {[%clk 00:03:46]}
{[%emt 00:00:20]} h5 {[%clk 00:25:30]} {[%emt 00:01:09]} 40. gxh5 {[%clk
00:01:12]} {[%emt 00:03:04]} gxh5 {[%clk 00:25:50]} {[%emt 00:00:10]} 41. Kf3
{[%clk 00:25:26]} {[%emt 00:06:17]} Nd6 {[%clk 00:54:29]} {[%emt 00:01:51]} 42.
e5 {[%clk 00:20:57]} {[%emt 00:04:59]} fxe5 {[%clk 00:54:46]} {[%emt 00:00:13]}
43. Rxe5 {[%clk 00:20:46]} {[%emt 00:00:40]} Rxe5 {[%clk 00:55:01]} {[%emt
00:00:16]} 44. dxe5 {[%clk 00:21:15]} {[%emt 00:00:01]} Nc4 {[%clk 00:54:55]}
{[%emt 00:00:36]} 45. Nd3 {[%clk 00:20:44]} {[%emt 00:01:01]} b3 {[%clk
00:54:21]} {[%emt 00:01:04]} 46. Kf4 {[%clk 00:17:30]} {[%emt 00:03:44]} Kg6
{[%clk 00:54:26]} {[%emt 00:00:24]} 47. h4 {[%clk 00:15:37]} {[%emt 00:02:24]}
Nb6 {[%clk 00:54:27]} {[%emt 00:00:29]} 48. Ke4 {[%clk 00:14:32]} {[%emt
00:01:36]} Nc8 {[%clk 00:53:22]} {[%emt 00:01:34]} 49. Nc5 {[%clk 00:12:16]}
{[%emt 00:02:45]} Nb6 {[%clk 00:53:09]} {[%emt 00:00:43]} 50. Nxb3 {[%clk
00:11:09]} {[%emt 00:01:38]} Nc4 {[%clk 00:53:25]} {[%emt 00:00:14]} 51. Nd4
{[%clk 00:11:02]} {[%emt 00:00:37]} Nxb2 {[%clk 00:53:38]} {[%emt 00:00:17]}
52. Kd5 {[%clk 00:10:17]} {[%emt 00:01:16]} Kf7 {[%clk 00:52:56]} {[%emt
00:01:11]} 53. e6+ {[%clk 00:08:39]} {[%emt 00:02:08]} Ke8 {[%clk 00:53:09]}
{[%emt 00:00:17]} 54. Nf5 {[%clk 00:05:41]} {[%emt 00:03:28]} Nd3 {[%clk
00:53:20]} {[%emt 00:00:18]} 55. Kd6 {[%clk 00:05:16]} {[%emt 00:00:56]} Nf4
{[%clk 00:52:56]} {[%emt 00:00:53]} 56. Ng7+ {[%clk 00:05:16]} {[%emt
00:00:31]} Kf8 {[%clk 00:53:08]} {[%emt 00:00:17]} 57. e7+ {[%clk 00:05:28]}
{[%emt 00:00:19]} Kxg7 {[%clk 00:53:30]} {[%emt 00:00:08]} 58. e8=Q {[%emt
00:00:07]} Ng6 {[%clk 00:53:39]} {[%emt 00:00:19]} 59. Qe1 {[%clk 00:06:00]}
{[%emt 00:00:23]} Kh6 {[%clk 00:53:46]} {[%emt 00:00:22]} 60. Qe3 {[%clk
00:06:12]} {[%emt 00:00:18]} Kh7 {[%clk 00:54:05]} {[%emt 00:00:11]} 61. Qe4
{[%clk 00:06:15]} {[%emt 00:00:28]} Kg7 {[%clk 00:54:09]} {[%emt 00:00:25]} 62.
Ke6 {[%clk 00:05:22]} {[%emt 00:01:23]} Nf8+ {[%clk 00:54:17]} {[%emt
00:00:22]} 63. Kf5 {[%clk 00:05:24]} {[%emt 00:00:25]} Kg8 {[%clk 00:54:15]}
{[%emt 00:00:35]} 64. Qe8 {[%clk 00:05:21]} {[%emt 00:00:29]} Kh7 {[%clk
00:54:05]} {[%emt 00:00:44]} 65. Qf7+ {[%clk 00:05:27]} {[%emt 00:00:18]} Kh6
{[%clk 00:54:01]} {[%emt 00:00:40]} 66. Qxf8+ {[%clk 00:05:50]} {[%emt
00:00:08]} Kh7 {[%clk 00:54:16]} {[%emt 00:00:15]} 67. Qf7+ {[%clk 00:06:08]}
{[%emt 00:00:12]} Kh8 {[%clk 00:54:35]} {[%emt 00:00:10]} 68. Qxh5+ {[%clk
00:06:29]} {[%emt 00:00:09]} Kg8 {[%clk 00:55:00]} {[%emt 00:00:05]} 69. Qd1
{[%clk 00:06:44]} {[%emt 00:00:16]} Kg7 {[%clk 00:55:10]} {[%emt 00:00:20]} 70.
Qd6 {[%clk 00:07:04]} {[%emt 00:00:06]} Kf7 {[%clk 00:55:32]} {[%emt 00:00:11]}
71. Qe6+ {[%clk 00:07:29]} {[%emt 00:00:06]} Kg7 {[%clk 00:55:55]} {[%emt
00:00:07]} 72. Qf6+ {[%clk 00:07:49]} {[%emt 00:00:06]} Kh7 {[%clk 00:56:17]}
{[%emt 00:00:11]} 73. Qg5 {[%clk 00:08:07]} {[%emt 00:00:10]} Kh8 {[%clk
00:56:40]} {[%emt 00:00:09]} 74. Kf6 {[%clk 00:08:29]} {[%emt 00:00:08]} Kh7
{[%clk 00:57:05]} {[%emt 00:00:06]} 75. Qg7+ {[%clk 00:08:21]} {[%emt
00:00:07]} 1-0